|
|
|
|
| LEADER |
04008nam a22006255i 4500 |
| 001 |
978-3-540-69338-3 |
| 003 |
DE-He213 |
| 005 |
20151204173933.0 |
| 007 |
cr nn 008mamaa |
| 008 |
100301s2007 gw | s |||| 0|eng d |
| 020 |
|
|
|a 9783540693383
|9 978-3-540-69338-3
|
| 024 |
7 |
|
|a 10.1007/978-3-540-69338-3
|2 doi
|
| 040 |
|
|
|d GrThAP
|
| 050 |
|
4 |
|a QA75.5-76.95
|
| 072 |
|
7 |
|a UY
|2 bicssc
|
| 072 |
|
7 |
|a UYA
|2 bicssc
|
| 072 |
|
7 |
|a COM014000
|2 bisacsh
|
| 072 |
|
7 |
|a COM031000
|2 bisacsh
|
| 082 |
0 |
4 |
|a 004.0151
|2 23
|
| 245 |
1 |
0 |
|a High Performance Embedded Architectures and Compilers
|h [electronic resource] :
|b Second International Conference, HiPEAC 2007, Ghent, Belgium, January 28-30, 2007. Proceedings /
|c edited by Koen De Bosschere, David Kaeli, Per Stenström, David Whalley, Theo Ungerer.
|
| 264 |
|
1 |
|a Berlin, Heidelberg :
|b Springer Berlin Heidelberg,
|c 2007.
|
| 300 |
|
|
|a XI, 307 p.
|b online resource.
|
| 336 |
|
|
|a text
|b txt
|2 rdacontent
|
| 337 |
|
|
|a computer
|b c
|2 rdamedia
|
| 338 |
|
|
|a online resource
|b cr
|2 rdacarrier
|
| 347 |
|
|
|a text file
|b PDF
|2 rda
|
| 490 |
1 |
|
|a Lecture Notes in Computer Science,
|x 0302-9743 ;
|v 4367
|
| 505 |
0 |
|
|a Invited Program -- Keynote: Insight, Not (Random) Numbers: An Embedded Perspective -- I Secure and Low-Power Embedded Memory Systems -- Compiler-Assisted Memory Encryption for Embedded Processors -- Leveraging High Performance Data Cache Techniques to Save Power in Embedded Systems -- Applying Decay to Reduce Dynamic Power in Set-Associative Caches -- II Architecture/Compiler Optimizations for Efficient Embedded Processing -- Virtual Registers: Reducing Register Pressure Without Enlarging the Register File -- Bounds Checking with Taint-Based Analysis -- Reducing Exit Stub Memory Consumption in Code Caches -- III Adaptive Microarchitectures -- Reducing Branch Misprediction Penalties Via Adaptive Pipeline Scaling -- Fetch Gating Control Through Speculative Instruction Window Weighting -- Dynamic Capacity-Speed Tradeoffs in SMT Processor Caches -- Branch History Matching: Branch Predictor Warmup for Sampled Simulation -- Sunflower : Full-System, Embedded Microarchitecture Evaluation -- Efficient Program Power Behavior Characterization -- Generation of Efficient Embedded Applications -- Performance/Energy Optimization of DSP Transforms on the XScale Processor -- Arx: A Toolset for the Efficient Simulation and Direct Synthesis of High-Performance Signal Processing Algorithms -- A Throughput-Driven Task Creation and Mapping for Network Processors -- Optimizations and Architectural Tradeoffs for Embedded Systems -- MiDataSets: Creating the Conditions for a More Realistic Evaluation of Iterative Optimization -- Evaluation of Offset Assignment Heuristics -- Customizing the Datapath and ISA of Soft VLIW Processors -- Instruction Set Extension Generation with Considering Physical Constraints.
|
| 650 |
|
0 |
|a Computer science.
|
| 650 |
|
0 |
|a Arithmetic and logic units, Computer.
|
| 650 |
|
0 |
|a Input-output equipment (Computers).
|
| 650 |
|
0 |
|a Logic design.
|
| 650 |
|
0 |
|a Microprocessors.
|
| 650 |
|
0 |
|a Computer communication systems.
|
| 650 |
|
0 |
|a Computers.
|
| 650 |
1 |
4 |
|a Computer Science.
|
| 650 |
2 |
4 |
|a Theory of Computation.
|
| 650 |
2 |
4 |
|a Arithmetic and Logic Structures.
|
| 650 |
2 |
4 |
|a Processor Architectures.
|
| 650 |
2 |
4 |
|a Input/Output and Data Communications.
|
| 650 |
2 |
4 |
|a Logic Design.
|
| 650 |
2 |
4 |
|a Computer Communication Networks.
|
| 700 |
1 |
|
|a Bosschere, Koen De.
|e editor.
|
| 700 |
1 |
|
|a Kaeli, David.
|e editor.
|
| 700 |
1 |
|
|a Stenström, Per.
|e editor.
|
| 700 |
1 |
|
|a Whalley, David.
|e editor.
|
| 700 |
1 |
|
|a Ungerer, Theo.
|e editor.
|
| 710 |
2 |
|
|a SpringerLink (Online service)
|
| 773 |
0 |
|
|t Springer eBooks
|
| 776 |
0 |
8 |
|i Printed edition:
|z 9783540693376
|
| 830 |
|
0 |
|a Lecture Notes in Computer Science,
|x 0302-9743 ;
|v 4367
|
| 856 |
4 |
0 |
|u http://dx.doi.org/10.1007/978-3-540-69338-3
|z Full Text via HEAL-Link
|
| 912 |
|
|
|a ZDB-2-SCS
|
| 912 |
|
|
|a ZDB-2-LNC
|
| 950 |
|
|
|a Computer Science (Springer-11645)
|